Central Library OPAC University of Rajshahi

Public library legislation: (Record no. 809)

MARC details
000 -LEADER
fixed length control field 00854nam a22002772a 4500
001 - CONTROL NUMBER
control field 809
003 - CONTROL NUMBER IDENTIFIER
rucl marc code UkOxU
005 - DATE AND TIME OF LATEST TRANSACTION
control field 20211208233231.0
008 - FIXED-LENGTH DATA ELEMENTS--GENERAL INFORMATION
fixed length control field 131123s1971 fr b 000 0 eng d
035 ## - SYSTEM CONTROL NUMBER
System control number OCLC ocm00593847 from D950830M 829
040 ## - CATALOGING SOURCE
Original cataloging agency DLC
Transcribing agency DLC
Modifying agency ZYF
-- EQO
-- BD-RjUL
Language of cataloging eng
041 ## - LANGUAGE CODE
Language code of text/sound track or separate title eng
082 ## - DEWEY DECIMAL CLASSIFICATION NUMBER
Classification number 342.492
Edition number 19
Author mark and year GAP 1971
100 1# - MAIN ENTRY--PERSONAL NAME
Personal name Gardner, Frank M.
9 (RLIN) 2091
245 10 - TITLE STATEMENT
Title Public library legislation:
Remainder of title a comparative study /
Statement of responsibility, etc. by Frank M. Gardner
260 ## - PUBLICATION, DISTRIBUTION, ETC. (IMPRINT)
Place of publication, distribution, etc. Paris :
Name of publisher, distributor, etc. Unesco,
Date of publication, distribution, etc. 1971
300 ## - PHYSICAL DESCRIPTION
Pagination 285 p. ;
Size 21 cm
490 1# - SERIES STATEMENT
Series statement Documentation, libraries, and archives. Studies and research ;
Volume/sequential designation 2
504 ## - BIBLIOGRAPHY, ETC. NOTE
Bibliography, etc Bibliography: p. 283-285
650 #0 - SUBJECT ADDED ENTRY--TOPICAL TERM
Topical term or geographic name as entry element Library legislation
9 (RLIN) 2420
830 #0 - SERIES ADDED ENTRY--UNIFORM TITLE
Volume number/sequential designation 2
Uniform title Documentation, libraries, and archives.
942 ## - ADDED ENTRY ELEMENTS (KOHA)
Source of classification or shelving scheme Dewey Decimal Classification
Koha item type Books
Holdings
Lost status Source of classification or shelving scheme Damaged status Not for loan Collection code Permanent Location Current Location Shelving location Date acquired Source of acquisition Cost, normal purchase price Total Checkouts Full call number Date last seen Copy number Koha item type
  Dewey Decimal Classification   Not For Loan Non-fiction Central Library, University of Rajshahi Central Library, University of Rajshahi Reading Room 06/05/1977 W Heffer and sons 4.50   344.092 GAP 1971 23/11/2013 C-1 Books
  Dewey Decimal Classification     Non-fiction Central Library, University of Rajshahi Central Library, University of Rajshahi   17/12/1988 Britain Gift     344.092 GAP 1971 23/07/2016 C-2 Books